En que equipo de futbol jugaron estos jugadores nivel imposible 2 - Estadísticas

Estadísticas generales
  • Esta prueba ha sido intentada 298 veces
  • La puntuación promedio es 5 de 15
Estadísticas de respuestas
Pregunta Respuesta % Correcto
Arturo Vidal Bayern Leverkusen
84%
Mikel Arteta PSG
61%
Ciro Immobile Juventus
48%
Rivaldo Olympiacos
43%
Landon Donovan Bayern Munich
38%
Romario Valencia
38%
Lionel Scaloni Racing de Santander
32%
Roy Makaay Tenerife
25%
George Best Fulham
21%
Kepa Arrizabalaga Real Valladolid
21%
Shkodran Mustafi Everton
20%
Eusébio Monterrey
20%
Sebastián ‘'Loco’' Abreu Rio Branco
14%
Edgar Davids Crystal Palace
13%
Giuseppe Rossi Newcastle United
11%
No se encontraron pruebas coincidentes
Distribución de puntuación
Porcentaje de gente con cada puntuación
Porcentaje por número respondido
Historial de tus puntuaciones
No has intentado esta prueba.